Wielki quiz o kosmosie - Statystyki

Ogólne statystyki
  • Ten quiz został rozwiązany 1 278 razy
  • Średni wynik to 12 z 19
Statystyki odpowiedzi
Pytanie Odpowiedź % Poprawnych
Na jakiej planecie wulkan jest trzy razy większy od Mount Everest? Mars
94%
Jakie zwierzę pierwsze było w przestrzeni kosmicznej? Pies
90%
Jaka planeta jest najbardziej wietrzną planetą naszego układu słonecznego? Neptun
89%
Czy człowiek stworzony jest z gwiezdnego pyłu na drodze ewolucji Tak
87%
Jaka jedyna planeta obraca się w przeciwną stronę? Wenus
87%
Kosmonauta w przestrzeni kosmicznej jest wyższy niż na Ziemii? Tak
86%
Czy Saturn jako jedyna planeta ma pierścienie? Nie
84%
Jaka planeta, która obraca się z boku to? Uran
83%
Jaka planeta w układzie słonecznym jest najgorętsza Wenus
78%
Która planeta mogłaby dryfować w wodzie, z powodu mniejszej objętości niż woda? Saturn
69%
Jak nazywa się galaktyka spiralna, leżąca około 2,52 miliona lat świetlnych od Ziemi? Andromeda
62%
Ile maksymalnie sekund człowiek może przeżyć w przestrzeni kosmicznej bez skafandra? 30
49%
Termin określający kilka rodzajów kosmicznych eksplozji powodujących powstanie na niebie niezwykle jasnego obiektu to? Supernowa
49%
Kto jako pierwszy spojrzał w przestrzeń kosmiczną przez teleskop? Galileusz
42%
Gdzie w naszej galaktyce znajduje się lód twardszy od stali? Neptun
40%
Jak nazwano pierwszą zidentyfikowaną kometę krótkookresową? Halleya
30%
O ile centymetrów każdego roku księżyc oddala się od Ziemii w stronę Wenus? (odpowiedź podaj w zaokrągleniu do pierwszej liczby po przecinku) 3,8
21%
Jaki gaz na Marsie ciągle się zmienia? Metan
16%
Jak nazywa się najmniejsza do tej pory planeta w kosmosie? Kepler-37b
3%
Nie znaleziono quizów pasujących do podanych kryteriów
Rozkład punktacji
Procent ludzi z każdym wynikiem
Percentyl według liczby udzielonych odpowiedzi
Twoja historia wyników
Nie rozwiązałeś tego quizu